Derechos en la prc̀tica

Bibliographic Details
Main Author: Lamprea Montealegre, Everaldo
Format: eBook
Language:Spanish
Published: Bogot:̀ Universidad de Los Andes (Colombia), 2015
Subjects:
Online Access:Acceso restringido

MARC

LEADER 00000nam a22000007a 4500
005 20190418204645.0
007 cr|||| ||||
008 190418s2015 co |||||s|||| 00||0 spa d
020 |a 978-958-774-117-9 
035 |a 23293 
040 |a vLex 
090 |c 8664  |d 8664 
100 1 |a Lamprea Montealegre, Everaldo 
245 1 0 |a Derechos en la prc̀tica  |h [Recurso electrn̤ico] /  |c Everaldo Lamprea Montealegre 
256 |a Servicio en ln̕ea 
260 |a Bogot:̀  |b Universidad de Los Andes (Colombia),  |c 2015 
300 |a 1 recurso electrn̤ico 
506 1 |a Disponible solo en los productos indicados  |d vLex Global  |d vLex Global (Academic Edition, excluding Law Schools)  |d vLex Global (U.S. Academic Edition, Law Schools)  |d vLex Global (U.S. Academic Edition, excluding Law Schools)  |d vLex Global (Academic Edition, Law Schools) 
650 0 4 |a Economa̕ Espaǫla  |z Colombia 
740 0 |a vLex Libros (Servicio en ln̕ea) 
856 4 0 |u http://vlex.com/source/derechos-practica-23293  |z Acceso restringido 
942 |c BOOK 
999 0 |a Spanish economy